[Event "GBR-ch 65+ 106th"]
[Site "Torquay"]
[Date "2019.08.03"]
[Round "6.17"]
[White "Marshall, Michael"]
[Black "Brameld, Arthur F"]
[Result "1/2-1/2"]
[WhiteElo "1885"]
[BlackElo "2091"]
[PlyCount "54"]
[EventDate "2019.07.29"]
[EventType "swiss"]
[EventRounds "7"]
[EventCountry "ENG"]
[SourceTitle "EXT 2021"]
[Source "ChessBase"]
[SourceDate "2020.10.23"]
[SourceVersion "1"]
[SourceVersionDate "2020.10.23"]
[SourceQuality "1"]

1. d4 e6 2. Nf3 d5 3. Bf4 Bd6 4. Bg3 Bxg3 5. hxg3 f5 6. e3 Nf6 7. c4 c6 8. Nc3 a6 9. a4 Ne4 10. Qc2 0-0 11. Bd3 Nd7 12. cxd5 exd5 13. b4 Ndf6 14. Ne5 g6 15. Rc1 Qe7 16. Rb1 Bd7 17. a5 Nxc3 18. Qxc3 Ne4 19. Qc2 Rae8 20. Bxe4 fxe4 21. Nxd7 Qxd7 22. Qe2 Rf5 23. Rf1 Qd6 24. Rb2 Ref8 25. Kd1 R8f7 26. Ke1 Qf8 27. Qg4 Qd6 1/2-1/2

[Event "GBR-ch 65+ 106th"]
[Site "Torquay"]
[Date "2019.08.02"]
[Round "5.12"]
[White "Brameld, Arthur F"]
[Black "De Coverly, Roger D"]
[Result "0-1"]
[WhiteElo "2091"]
[BlackElo "1928"]
[PlyCount "64"]
[EventDate "2019.07.29"]
[EventType "swiss"]
[EventRounds "7"]
[EventCountry "ENG"]
[SourceTitle "EXT 2021"]
[Source "ChessBase"]
[SourceDate "2020.10.23"]
[SourceVersion "1"]
[SourceVersionDate "2020.10.23"]
[SourceQuality "1"]

1. Nc3 Nf6 2. f4 d5 3. e3 g6 4. b3 Bg7 5. Bb2 0-0 6. Nf3 c5 7. d3 Nc6 8. h3 d4 9. exd4 cxd4 10. Ne4 Nd5 11. Qd2 Qc7 12. g3 Ne3 13. c3 f5 14. Nc5 e5 15. cxd4 exf4 16. Rh2 fxg3 17. Re2 f4 18. Rxe3 fxe3 19. Qxe3 b6 20. Ne4 Nb4 21. Rc1 Nc2+ 22. Ke2 Nxe3 23. Rxc7 Nxf1 24. Rxg7+ Kxg7 25. d5+ Kh6 26. Bc1+ Kh5 27. Bg5 Bxh3 28. Nf6+ Rxf6 29. Bxf6 Re8+ 30. Ne5 Nh2 31. d6 g2 32. Kf2 Rxe5 0-1

[Event "BCF-chT3 0304 (4NCL)"]
[Site "West Bromwich"]
[Date "2004.01.25"]
[Round "4.4"]
[White "Brameld, Arthur F"]
[Black "White, Michael JR"]
[Result "0-1"]
[WhiteElo "2079"]
[BlackElo "2068"]
[PlyCount "42"]
[EventDate "2003.11.23"]
[EventType "team-tourn"]
[EventRounds "11"]
[EventCountry "ENG"]
[SourceTitle "EXT 2005"]
[Source "ChessBase"]
[SourceDate "2004.11.15"]
[SourceVersion "1"]
[SourceVersionDate "2004.11.15"]
[SourceQuality "1"]
[WhiteTeam "Wessex II"]
[BlackTeam "Bristol II"]
[WhiteTeamCountry "ENG"]
[BlackTeamCountry "ENG"]

1. Nc3 Nf6 2. d4 d5 3. e4 dxe4 4. f3 exf3 5. Nxf3 e6 6. Bd3 c5 7. Be3 Nbd7 8. Qd2 Be7 9. 0-0-0 cxd4 10. Bxd4 0-0 11. h4 a6 12. Qe3 Qc7 13. Rdg1 b5 14. g4 Bb7 15. g5 Nh5 16. g6 hxg6 17. Rxg6 fxg6 18. Qxe6+ Rf7 19. Bxg6 Qf4+ 20. Kb1 Qxf3 21. Rg1 Nf8 0-1

[Event "Curacao op"]
[Site "Willemstad"]
[Date "2003.10.29"]
[Round "5"]
[White "Brameld, Arthur F"]
[Black "Metz, Hartmut"]
[Result "0-1"]
[WhiteElo "2079"]
[BlackElo "2325"]
[PlyCount "42"]
[EventDate "2003.10.25"]
[EventType "swiss"]
[EventRounds "9"]
[EventCountry "AHO"]
[SourceTitle "EXT 2004"]
[Source "ChessBase"]
[SourceDate "2003.11.25"]
[SourceVersion "1"]
[SourceVersionDate "2003.11.25"]
[SourceQuality "1"]

1. e4 c6 2. d4 d5 3. e5 Bf5 4. Nf3 e6 5. Be2 Nd7 6. 0-0 Ne7 7. Nh4 Bg6 8. Nd2 c5 9. c3 Nc6 10. Nxg6 hxg6 11. Nf3 Be7 12. Be3 g5 13. Qd2 f6 14. Bd3 Nf8 15. g4 Qc7 16. Bb5 Ng6 17. Qd3 Kf7 18. Bxc6 bxc6 19. dxc5 Rh3 20. Bxg5 Rah8 21. Bd2 Nxe5 0-1

[Event "Jersey op"]
[Site "Jersey"]
[Date "2003.02.20"]
[Round "5"]
[White "Fraser, Mark Gordon"]
[Black "Brameld, Arthur F"]
[Result "1-0"]
[WhiteElo "2185"]
[BlackElo "2076"]
[PlyCount "133"]
[EventDate "2003.02.16"]
[EventType "swiss"]
[EventRounds "7"]
[EventCountry "JCI"]
[SourceTitle "CBM 092 Extra"]
[Source "ChessBase"]
[SourceDate "2003.03.07"]
[SourceVersion "1"]
[SourceVersionDate "2003.03.07"]
[SourceQuality "1"]

1. c4 Nf6 2. Nc3 e6 3. Nf3 c5 4. g3 d5 5. cxd5 exd5 6. d4 Ne4 7. Bg2 Nc6 8. 0-0 h6 9. Be3 Be6 10. dxc5 Nxc3 11. bxc3 Qa5 12. Bd4 Rg8 13. Nd2 Qa3 14. Qb3 Bxc5 15. Qxb7 Rc8 16. Nb3 Bxd4 17. cxd4 Qb4 18. Qa6 Qb6 19. Qd3 Ke7 20. Nc5 Nxd4 21. Nxe6 fxe6 22. Rab1 Qc5 23. Rb7+ Kd6 24. Rd1 Nc6 25. Rb5 Qd4 26. Qxd4 Nxd4 27. Rxd4 Rc1+ 28. Bf1 Ra1 29. Rdb4 Rc8 30. Rb1 Rxa2 31. R5b2 Ra3 32. Rb7 Rc7 33. Rxc7 Kxc7 34. Bh3 e5 35. Kf1 Kc6 36. Bf5 e4 37. Rd1 Kc5 38. Be6 d4 39. Bf5 Kd5 40. h4 a5 41. h5 a4 42. Bh7 Rc3 43. Ke1 a3 44. Kd2 e3+ 45. Ke1 Kc5 46. f4 Rb3 47. Bg8 Rb2 48. Ra1 Kb4 49. g4 d3 50. exd3 Rg2 51. Ra2 Rxg4 52. Ke2 Rxf4 53. Kxe3 Rf8 54. Bc4 Rf5 55. Rh2 Kc3 56. Ke4 Rc5 57. Ba2 Rg5 58. Bc4 Rc5 59. Be6 Ra5 60. d4 Ra4 61. Ke5 Ra5+ 62. Bd5 Kd3 63. Rh3+ Kd2 64. Ke4 Kc2 65. Ba2 Rb5 66. Rxa3 Rxh5 67. d5 1-0

[Event "Jersey op"]
[Site "Jersey"]
[Date "2003.02.16"]
[Round "1"]
[White "Brameld, Arthur F"]
[Black "Ward, Christopher"]
[Result "1/2-1/2"]
[WhiteElo "2076"]
[BlackElo "2513"]
[PlyCount "53"]
[EventDate "2003.02.16"]
[EventType "swiss"]
[EventRounds "7"]
[EventCountry "JCI"]
[SourceTitle "CBM 092 Extra"]
[Source "ChessBase"]
[SourceDate "2003.03.07"]
[SourceVersion "1"]
[SourceVersionDate "2003.03.07"]
[SourceQuality "1"]

1. Nc3 d5 2. e4 dxe4 3. Nxe4 Bf5 4. Ng3 Bg6 5. h4 h6 6. h5 Bh7 7. Bc4 e6 8. Nf3 Bd6 9. d3 Nf6 10. Qe2 Bxg3 11. fxg3 Nc6 12. Bd2 Qd6 13. Bf4 Qb4+ 14. c3 Qe7 15. Ne5 Nxe5 16. Bxe5 0-0-0 17. Qf3 Rhg8 18. Rf1 Bf5 19. a4 Ng4 20. Qe2 Nxe5 21. Qxe5 Bxd3 22. Rxf7 Qd6 23. Bxe6+ Kb8 24. Qxd6 Rxd6 25. Re7 Rgd8 26. 0-0-0 a5 27. g4 1/2-1/2

[Event "Troll Masters"]
[Site "Gausdal"]
[Date "2001.01.11"]
[Round "8"]
[White "Ekeberg, Carl Fredrik"]
[Black "Brameld, Arthur F"]
[Result "1-0"]
[WhiteElo "2104"]
[BlackElo "2095"]
[PlyCount "77"]
[EventDate "2001.01.05"]
[EventType "swiss"]
[EventRounds "9"]
[EventCountry "NOR"]
[SourceTitle "CBM 080 Extra"]
[Source "ChessBase"]
[SourceDate "2001.03.08"]
[SourceVersion "1"]
[SourceVersionDate "2001.03.08"]
[SourceQuality "1"]

1. c4 Nc6 2. g3 e5 3. Bg2 g6 4. Nc3 Bg7 5. e4 d6 6. Nge2 h5 7. h4 Bg4 8. f3 Be6 9. d3 Qd7 10. Nd5 Nce7 11. d4 c6 12. Nxe7 Qxe7 13. d5 Bc8 14. 0-0 c5 15. b4 Qc7 16. Be3 Bh6 17. f4 cxb4 18. Qa4+ Bd7 19. Qxb4 b6 20. Kh1 Nf6 21. fxe5 Nxd5 22. cxd5 Bxe3 23. exd6 Qc5 24. Qxc5 Bxc5 25. e5 Bb5 26. Rfe1 Bf2 27. Nc3 Bc4 28. e6 Bxg3 29. Ne4 Bxe1 30. Rxe1 fxe6 31. dxe6 Bxe6 32. Ng5 0-0-0 33. Rxe6 Kd7 34. Rxg6 Rhf8 35. Bh3+ Kc6 36. Ne6 Rde8 37. Nxf8 Rxf8 38. d7+ Kc7 39. Rg3 1-0

[Event "Troll Masters"]
[Site "Gausdal"]
[Date "2001.01.08"]
[Round "5"]
[White "Grubert, Christian"]
[Black "Brameld, Arthur F"]
[Result "1/2-1/2"]
[WhiteElo "2170"]
[BlackElo "2095"]
[PlyCount "74"]
[EventDate "2001.01.05"]
[EventType "swiss"]
[EventRounds "9"]
[EventCountry "NOR"]
[SourceTitle "CBM 080 Extra"]
[Source "ChessBase"]
[SourceDate "2001.03.08"]
[SourceVersion "1"]
[SourceVersionDate "2001.03.08"]
[SourceQuality "1"]

1. e4 Nf6 2. Nc3 d5 3. exd5 Nxd5 4. Bc4 e6 5. Qf3 Nb6 6. Bb3 c5 7. d3 Nc6 8. Nge2 Bd6 9. Bf4 Bxf4 10. Qxf4 0-0 11. Ne4 Nd7 12. h4 Nd4 13. Nxd4 cxd4 14. Ng5 Qa5+ 15. Kf1 Qe5 16. Qxe5 Nxe5 17. Re1 Nc6 18. h5 e5 19. h6 gxh6 20. Nf3 Re8 21. Re4 Bf5 22. Reh4 Na5 23. Ba4 b5 24. Bb3 Nxb3 25. axb3 Rac8 26. Ne1 Bg6 27. Ke2 h5 28. Kd2 Rc6 29. Nf3 f6 30. Ra1 Rec8 31. Ne1 R8c7 32. f4 Kg7 33. Rc1 Bf7 34. b4 Ra6 35. Nf3 Re7 36. Re1 Rae6 37. fxe5 fxe5 1/2-1/2

[Event "Bergen Sommer op"]
[Site "Bergen"]
[Date "2000.07.24"]
[Round "4"]
[White "Brameld, Arthur F"]
[Black "Mork, Kjell Arne"]
[Result "0-1"]
[WhiteElo "2100"]
[BlackElo "2279"]
[PlyCount "108"]
[EventDate "2000.07.21"]
[EventType "swiss"]
[EventRounds "9"]
[EventCountry "NOR"]
[SourceTitle "CBM 077 Extra"]
[Source "ChessBase"]
[SourceDate "2000.09.14"]
[SourceVersion "1"]
[SourceVersionDate "2000.09.14"]
[SourceQuality "1"]

1. d4 Nf6 2. Nf3 c5 3. e3 b6 4. c4 g6 5. Nc3 Bg7 6. Be2 0-0 7. 0-0 d6 8. a3 Nc6 9. d5 Ne5 10. Nxe5 dxe5 11. b4 Ne8 12. Rb1 Nd6 13. e4 Bd7 14. Be3 Rc8 15. b5 f5 16. f3 Ra8 17. a4 a5 18. Qd3 f4 19. Bd2 g5 20. h3 Qe8 21. Kf2 Qg6 22. Rh1 Bf6 23. Rbg1 Kh8 24. Qb1 Rg8 25. Qf1 Qf7 26. Ke1 Rg6 27. Kd1 Rag8 28. Be1 Kg7 29. Bf2 Kf8 30. Kd2 Ke8 31. Kd3 Kd8 32. Rh2 h5 33. Rhh1 g4 34. hxg4 hxg4 35. Bd1 R6g7 36. Be2 Rg5 37. Bd1 Qg6 38. Be2 Kc7 39. Bd1 Kb7 40. Be2 Qg7 41. Bd1 Qf7 42. Be2 R8g7 43. Bd1 Rh7 44. Rxh7 Qxh7 45. Rh1 Qg7 46. Rg1 Qg6 47. Be2 Rh5 48. Rh1 Nf7 49. Nb1 Ng5 50. Rxh5 Qxh5 51. Nd2 g3 52. Bg1 Qh1 53. Nb1 Bh3 54. gxh3 Nxh3 0-1

[Event "Bergen Sommer op"]
[Site "Bergen"]
[Date "2000.07.23"]
[Round "3"]
[White "Ledger, Andrew"]
[Black "Brameld, Arthur F"]
[Result "1-0"]
[WhiteElo "2441"]
[BlackElo "2100"]
[PlyCount "97"]
[EventDate "2000.07.21"]
[EventType "swiss"]
[EventRounds "9"]
[EventCountry "NOR"]
[SourceTitle "CBM 077 Extra"]
[Source "ChessBase"]
[SourceDate "2000.09.14"]
[SourceVersion "1"]
[SourceVersionDate "2000.09.14"]
[SourceQuality "1"]

1. e4 Nc6 2. Nf3 d6 3. d4 Nf6 4. Nc3 Bg4 5. Be3 e6 6. h3 Bh5 7. Be2 d5 8. e5 Nd7 9. Nd2 Bxe2 10. Nxe2 Nb6 11. 0-0 Be7 12. c3 Qd7 13. f4 g6 14. Qc2 h5 15. b3 Bf8 16. c4 Ne7 17. Bf2 h4 18. a4 Nbc8 19. Nf3 Nf5 20. cxd5 exd5 21. Rfe1 Bb4 22. Red1 Nce7 23. Nc1 Qc6 24. Qe2 Qb6 25. Na2 Nc6 26. Rac1 Ba3 27. Rc3 a6 28. Rdd3 Be7 29. Qb2 Nb4 30. Nxb4 Bxb4 31. Rc1 c6 32. Qe2 a5 33. Be1 Be7 34. Kh2 Ba3 35. Rb1 Be7 36. Bc3 Ra6 37. Qe1 0-0 38. e6 Qc7 39. exf7+ Rxf7 40. Ne5 Rg7 41. Qe2 Ng3 42. Qg4 c5 43. dxc5 Qxc5 44. Nf3 d4 45. Bxd4 Qc2 46. Rdd1 Rd6 47. Rdc1 Qe4 48. Bxg7 Kxg7 49. Re1 1-0

[Event "Politiken Cup 21st"]
[Site "Copenhagen"]
[Date "1999.07.05"]
[Round "3"]
[White "Brameld, Arthur F"]
[Black "Mah, Karl"]
[Result "0-1"]
[WhiteElo "2109"]
[BlackElo "2316"]
[PlyCount "50"]
[EventDate "1999.07.04"]
[EventType "swiss"]
[EventRounds "11"]
[EventCountry "DEN"]
[SourceTitle "CBM 071 Extra"]
[Source "ChessBase"]
[SourceDate "1999.09.14"]
[SourceVersion "1"]
[SourceVersionDate "1999.09.14"]
[SourceQuality "1"]

1. d4 d5 2. g3 Nf6 3. Bg2 c6 4. Nf3 Bg4 5. Ne5 Bf5 6. c4 e6 7. Qb3 Qc8 8. Nc3 Nbd7 9. Bf4 Be7 10. 0-0 Nxe5 11. Bxe5 0-0 12. Rac1 Qd7 13. Rfd1 Rfd8 14. cxd5 exd5 15. f3 Be6 16. Qa4 Nh5 17. g4 f6 18. gxh5 fxe5 19. dxe5 Bc5+ 20. Kh1 Be3 21. Ra1 d4 22. Ne4 Qe7 23. Rd3 b5 24. Qd1 Bc4 25. Ra3 Qxe5 0-1

[Event "Politiken Cup 21st"]
[Site "Copenhagen"]
[Date "1999.07.04"]
[Round "2"]
[White "Olsen, Heini"]
[Black "Brameld, Arthur F"]
[Result "1/2-1/2"]
[WhiteElo "2292"]
[BlackElo "2109"]
[PlyCount "93"]
[EventDate "1999.07.04"]
[EventType "swiss"]
[EventRounds "11"]
[EventCountry "DEN"]
[SourceTitle "CBM 071 Extra"]
[Source "ChessBase"]
[SourceDate "1999.09.14"]
[SourceVersion "1"]
[SourceVersionDate "1999.09.14"]
[SourceQuality "1"]

1. Nf3 d5 2. d4 Nc6 3. Bf4 Bg4 4. e3 e6 5. c4 Nf6 6. Nc3 Bb4 7. h3 Bh5 8. a3 Bxc3+ 9. bxc3 0-0 10. Bg5 Re8 11. cxd5 exd5 12. Be2 Qd6 13. Bf4 Qe7 14. 0-0 Ne4 15. Qb3 Rad8 16. Qxb7 Nxc3 17. Bd3 Bxf3 18. gxf3 Qf6 19. Rac1 Rb8 20. Qxc7 Rb3 21. Qd7 Rd8 22. Qg4 h6 23. Rc2 Rxa3 24. Rfc1 Nb4 25. Be5 Qg5 26. Rxc3 Nxd3 27. Rxa3 Nxc1 28. Rxa7 Nd3 29. Bc7 Rc8 30. Rb7 Ne1 31. Kf1 Qxg4 32. fxg4 Nf3 33. Rb8 Rxb8 34. Bxb8 Ng5 35. Kg2 f6 36. f3 Kf7 37. Kg3 Ke6 38. h4 Nf7 39. Ba7 Nd6 40. Bc5 Nc4 41. e4 dxe4 42. fxe4 Nd2 43. Kf4 g5+ 44. Ke3 Nf1+ 45. Kf2 Nd2 46. Ke3 Nf1+ 47. Kf2 1/2-1/2

[Event "Jersey op"]
[Site "St Helier"]
[Date "1999.02.17"]
[Round "4"]
[White "Brameld, Arthur F"]
[Black "Corkett, Anthony R"]
[Result "0-1"]
[WhiteElo "2115"]
[BlackElo "2255"]
[PlyCount "50"]
[EventDate "1999.02.??"]
[EventType "swiss"]
[EventRounds "7"]
[EventCountry "JCI"]
[SourceTitle "EXT 2000"]
[Source "ChessBase"]
[SourceDate "1999.11.16"]
[SourceVersion "1"]
[SourceVersionDate "1999.11.16"]
[SourceQuality "1"]

1. d4 Nf6 2. Nf3 e6 3. Bg5 c5 4. c3 Qb6 5. Qb3 Qc7 6. e3 a6 7. a4 d6 8. Nbd2 Be7 9. Nc4 Nbd7 10. a5 0-0 11. Bf4 Nh5 12. Bg3 Rb8 13. Qc2 b5 14. axb6 Nxb6 15. Na5 f5 16. dxc5 Qxc5 17. Nd4 Bd7 18. Bxa6 e5 19. Nab3 Qc7 20. Nb5 Qc6 21. f3 Nc4 22. Na5 Qxa6 23. Nc7 Qc8 24. Nd5 Bd8 25. b4 Be6 0-1

[Event "NATO-ch 09th"]
[Site "Portsmouth"]
[Date "1998.10.09"]
[Round "7"]
[White "Brameld, Arthur F"]
[Black "Hamann, Carsten"]
[Result "0-1"]
[WhiteElo "2115"]
[BlackElo "2148"]
[PlyCount "60"]
[EventDate "1998.10.??"]
[EventType "swiss"]
[EventRounds "7"]
[EventCountry "ENG"]
[SourceTitle "EXT 2014"]
[Source "ChessBase"]
[SourceDate "2013.11.20"]
[SourceVersion "1"]
[SourceVersionDate "2013.11.20"]
[SourceQuality "1"]

1. e4 Nf6 2. e5 Nd5 3. d4 d6 4. Nf3 dxe5 5. Nxe5 Nd7 6. c4 Nxe5 7. dxe5 Nb4 8. Qxd8+ Kxd8 9. Na3 Bf5 10. Be2 e6 11. Bg5+ Be7 12. Bxe7+ Kxe7 13. 0-0 Rhd8 14. Rfd1 Rxd1+ 15. Rxd1 Rd8 16. g4 Be4 17. Nb5 Rxd1+ 18. Bxd1 Nxa2 19. Nxa7 Kd7 20. Nb5 Nb4 21. Nc3 Bd3 22. b3 g5 23. Bf3 b6 24. Ne4 Bxe4 25. Bxe4 h6 26. Kf1 Nc6 27. Bxc6+ Kxc6 28. Ke2 Kc5 29. Kd3 Kb4 30. Kc2 b5 0-1

[Event "NATO-ch 09th"]
[Site "Portsmouth"]
[Date "1998.10.08"]
[Round "6"]
[White "Brameld, Arthur F"]
[Black "Wantiez, Fabrice"]
[Result "0-1"]
[WhiteElo "2115"]
[BlackElo "2299"]
[PlyCount "60"]
[EventDate "1998.10.??"]
[EventType "swiss"]
[EventRounds "7"]
[EventCountry "ENG"]
[SourceTitle "EXT 2014"]
[Source "ChessBase"]
[SourceDate "2013.11.20"]
[SourceVersion "1"]
[SourceVersionDate "2013.11.20"]
[SourceQuality "1"]

1. d4 Nf6 2. c4 g6 3. g3 c6 4. Bg2 d5 5. cxd5 cxd5 6. Nc3 Bg7 7. Nf3 0-0 8. 0-0 Ne4 9. Qb3 Nc6 10. Rd1 Na5 11. Qa4 Bf5 12. Nxe4 Bxe4 13. b3 Rc8 14. Ba3 Nc6 15. Rac1 Qd7 16. e3 h5 17. h4 Qf5 18. Ne1 Bxg2 19. Kxg2 g5 20. hxg5 f6 21. g6 h4 22. gxh4 Qg4+ 23. Kf1 Qxh4 24. Qb5 Qh3+ 25. Ke2 Qd7 26. Nf3 f5 27. Bxe7 a6 28. Qd3 Nxe7 29. Rxc8 Rxc8 30. Rg1 Rc6 0-1

[Event "NATO-ch 09th"]
[Site "Portsmouth"]
[Date "1998.10.06"]
[Round "3"]
[White "De Cat, Ben"]
[Black "Brameld, Arthur F"]
[Result "1/2-1/2"]
[WhiteElo "2075"]
[BlackElo "2115"]
[PlyCount "36"]
[EventDate "1998.10.??"]
[EventType "swiss"]
[EventRounds "7"]
[EventCountry "ENG"]
[SourceTitle "EXT 2014"]
[Source "ChessBase"]
[SourceDate "2013.11.20"]
[SourceVersion "1"]
[SourceVersionDate "2013.11.20"]
[SourceQuality "1"]

1. g4 e6 2. d4 c5 3. c3 Nc6 4. Bf4 cxd4 5. cxd4 Qb6 6. e3 Qxb2 7. Nd2 Bb4 8. Ngf3 Nf6 9. Rb1 Qa3 10. Bc4 Ne4 11. Qc2 Qc3 12. Qxc3 Bxc3 13. Bd3 Nxd2 14. Nxd2 Ke7 15. Ke2 Bxd2 16. Kxd2 f6 17. h4 d5 18. g5 e5 1/2-1/2

[Event "BCF-chT2 9798 (4NCL)"]
[Site "England"]
[Date "1998.05.24"]
[Round "10.7"]
[White "Brameld, Arthur F"]
[Black "De Coverly, Roger D"]
[Result "1-0"]
[WhiteElo "2072"]
[BlackElo "2090"]
[PlyCount "81"]
[EventDate "1997.11.??"]
[EventType "team-tourn"]
[EventRounds "11"]
[EventCountry "ENG"]
[SourceTitle "EXT 1999"]
[Source "ChessBase"]
[SourceDate "1998.11.16"]
[SourceVersion "1"]
[SourceVersionDate "1998.11.16"]
[SourceQuality "1"]
[WhiteTeam "Wessex"]
[BlackTeam "Coulsdon"]
[WhiteTeamCountry "ENG"]
[BlackTeamCountry "ENG"]

1. e4 e5 2. f4 d5 3. exd5 c6 4. Nc3 exf4 5. Nf3 Bd6 6. Bc4 Ne7 7. dxc6 Nbxc6 8. Ne4 0-0 9. 0-0 Bg4 10. d4 Rc8 11. c3 Ng6 12. Be2 Bb8 13. Nfg5 Bxe2 14. Qxe2 h6 15. Nh3 Re8 16. Nhf2 Qh4 17. Qf3 f5 18. Nc5 Re2 19. Qxe2 f3 20. Qe6+ Kh7 21. Nh3 fxg2 22. Rf3 Nce5 23. Rg3 Rxc5 24. dxe5 Rc6 25. Qxf5 Bxe5 26. Ng5+ hxg5 27. Rh3 Rf6 28. Rxh4+ gxh4 29. Qh5+ Kg8 30. Kxg2 Bf4 31. Qd5+ Kh7 32. Qh5+ Kg8 33. Qd5+ Kh7 34. Bd2 Bxd2 35. Qxd2 Nf4+ 36. Kh1 g5 37. Rf1 Kg7 38. Qd7+ Rf7 39. Qg4 Kh6 40. h3 Rf6 41. c4 1-0

[Event "BCF-chT2 9798 (4NCL)"]
[Site "England"]
[Date "1998.05.23"]
[Round "9.7"]
[White "Brameld, Arthur F"]
[Black "Jones, Richard S"]
[Result "0-1"]
[WhiteElo "2072"]
[BlackElo "2045"]
[PlyCount "80"]
[EventDate "1997.11.??"]
[EventType "team-tourn"]
[EventRounds "11"]
[EventCountry "ENG"]
[SourceTitle "EXT 1999"]
[Source "ChessBase"]
[SourceDate "1998.11.16"]
[SourceVersion "1"]
[SourceVersionDate "1998.11.16"]
[SourceQuality "1"]
[WhiteTeam "Wessex"]
[BlackTeam "Nidum Knights"]
[WhiteTeamCountry "ENG"]
[BlackTeamCountry "ENG"]

1. e4 c5 2. Nf3 d6 3. d4 cxd4 4. Qxd4 Nc6 5. Bb5 Bd7 6. Bxc6 Bxc6 7. Nc3 Nf6 8. Bg5 h6 9. Bxf6 gxf6 10. 0-0-0 Qa5 11. Kb1 0-0-0 12. Qc4 e6 13. Nd4 Qc7 14. Nxc6 Qxc6 15. Qd4 Bg7 16. Qxa7 f5 17. exf5 Bxc3 18. bxc3 Kc7 19. Qa5+ Kd7 20. Rhe1 d5 21. c4 Qxc4 22. fxe6+ fxe6 23. Qb6 Qc6 24. Qxc6+ bxc6 25. Rd3 Rhg8 26. g3 Kd6 27. Rde3 Rg6 28. f4 Rb8+ 29. Kc1 Ra8 30. a3 Ra4 31. R1e2 c5 32. Kb2 c4 33. Re5 Rf6 34. Re1 Ra6 35. Rh5 Kc5 36. Ka2 Kd4 37. Rhe5 c3 38. Rd1+ Kc4 39. Rd3 Rf7 40. Ree3 Rxa3+ 0-1

[Event "BCF-chT2 9798 (4NCL)"]
[Site "England"]
[Date "1998.03.21"]
[Round "7.7"]
[White "Jones, H Trevor"]
[Black "Brameld, Arthur F"]
[Result "1/2-1/2"]
[WhiteElo "1816"]
[BlackElo "2072"]
[PlyCount "82"]
[EventDate "1997.11.??"]
[EventType "team-tourn"]
[EventRounds "11"]
[EventCountry "ENG"]
[SourceTitle "EXT 1999"]
[Source "ChessBase"]
[SourceDate "1998.11.16"]
[SourceVersion "1"]
[SourceVersionDate "1998.11.16"]
[SourceQuality "1"]
[WhiteTeam "Guildford II"]
[BlackTeam "Wessex"]
[WhiteTeamCountry "ENG"]
[BlackTeamCountry "ENG"]

1. c4 e5 2. Nc3 Nc6 3. g3 g6 4. Bg2 Bg7 5. e4 d6 6. Nge2 Nh6 7. d4 exd4 8. Nxd4 Nxd4 9. Bxh6 Bxh6 10. Qxd4 0-0 11. 0-0 Bg7 12. Qd2 Be6 13. b3 Qd7 14. Rad1 Bxc3 15. Qxc3 Bh3 16. Qd3 Bxg2 17. Kxg2 Qc6 18. Qd5 Rfe8 19. f3 Re5 20. Qxc6 bxc6 21. Rf2 a5 22. Re2 f5 23. Rde1 Rae8 24. Kf2 fxe4 25. Rxe4 Rxe4 26. Rxe4 Rxe4 27. fxe4 c5 28. Kf3 Kf7 29. Kf4 Kf6 30. Kf3 Ke5 31. Ke3 Ke6 32. Kf4 Kf6 33. Kf3 Kg5 34. h3 Kf6 35. Kf4 h6 36. Kf3 Ke5 37. Ke3 g5 38. Kd3 Ke6 39. Ke3 Ke5 40. Kd3 h5 41. Ke3 Ke6 1/2-1/2

[Event "BCF-chT 9697 (4NCL)"]
[Site "England"]
[Date "1997.02.23"]
[Round "8.6"]
[White "Waters, Clive L"]
[Black "Brameld, Arthur F"]
[Result "1/2-1/2"]
[WhiteElo "2235"]
[BlackElo "2199"]
[PlyCount "32"]
[EventDate "1996.10.??"]
[EventType "team-tourn"]
[EventRounds "12"]
[EventCountry "ENG"]
[SourceTitle "EXT 1999"]
[Source "ChessBase"]
[SourceDate "1998.11.16"]
[SourceVersion "1"]
[SourceVersionDate "1998.11.16"]
[SourceQuality "1"]
[WhiteTeam "Northumbria"]
[BlackTeam "Wessex"]
[WhiteTeamCountry "ENG"]
[BlackTeamCountry "ENG"]

1. d4 Nc6 2. e4 d5 3. e5 Bf5 4. Nf3 e6 5. Be2 h6 6. 0-0 g5 7. c3 Nge7 8. Be3 Ng6 9. Ne1 Nce7 10. Nd2 Nf4 11. Bxf4 gxf4 12. Bh5 Ng6 13. Bxg6 fxg6 14. Nb3 Qd7 15. Nd3 Bxd3 16. Qxd3 g5 1/2-1/2

[Event "BCF-chT 9697 (4NCL)"]
[Site "England"]
[Date "1997.??.??"]
[Round "6.6"]
[White "Sheehan, Antony"]
[Black "Brameld, Arthur F"]
[Result "1/2-1/2"]
[WhiteElo "2100"]
[BlackElo "2199"]
[PlyCount "129"]
[EventDate "1996.10.??"]
[EventType "team-tourn"]
[EventRounds "12"]
[EventCountry "ENG"]
[SourceTitle "EXT 1999"]
[Source "ChessBase"]
[SourceDate "1998.11.16"]
[SourceVersion "1"]
[SourceVersionDate "1998.11.16"]
[SourceQuality "1"]
[WhiteTeam "Celtic Kts"]
[BlackTeam "Wessex"]
[WhiteTeamCountry "ENG"]
[BlackTeamCountry "ENG"]

1. e4 Nf6 2. Nc3 d5 3. exd5 Nxd5 4. Bc4 e6 5. Nf3 Nb6 6. Be2 c5 7. 0-0 Nc6 8. d3 Be7 9. Bf4 0-0 10. a4 Nd5 11. Nxd5 exd5 12. c3 Bf6 13. Qd2 Bf5 14. Bg5 Re8 15. Rfe1 h6 16. Bxf6 Qxf6 17. Bf1 g5 18. Rxe8+ Rxe8 19. Re1 Rxe1 20. Nxe1 Bd7 21. Be2 Ne7 22. Bd1 Ng6 23. d4 cxd4 24. cxd4 Qa6 25. b3 Qb6 26. Nf3 Nf4 27. Ne5 Bf5 28. Qe3 Ne6 29. Bf3 Be4 30. Bxe4 dxe4 31. d5 Qxe3 32. fxe3 Nc5 33. d6 Kf8 34. d7 Ke7 35. Nxf7 Kxd7 36. Nxh6 Ke6 37. g3 Nxb3 38. h4 gxh4 39. gxh4 Nc5 40. Ng4 Kf5 41. h5 Nd7 42. Nh6+ Kf6 43. Kf2 Nc5 44. Ng4+ Kg5 45. h6 Kg6 46. a5 a6 47. Ke2 Nb3 48. h7 Kxh7 49. Nf6+ Kg6 50. Nxe4 Nxa5 51. Nc5 Kf6 52. Kd3 Ke5 53. e4 Kd6 54. Na4 b5 55. Nb6 Nc6 56. Nd5 Kc5 57. Nc7 Ne5+ 58. Kc3 a5 59. Ne6+ Kd6 60. Nd4 b4+ 61. Kb3 Nc6 62. Nf3 Kc5 63. Ka4 Kb6 64. Nd2 Ne5 65. Nb3 1/2-1/2